| 000 | 01329nam a2200361 c 4500 | ||
|---|---|---|---|
| 001 | 2412 | ||
| 003 | ES-MaCES | ||
| 005 | 20141221121611.0 | ||
| 008 | 941121s1991 sp ||| | spa d | ||
| 017 |
_aAV-94-1991 _bDL |
||
| 020 | _a8476700091 | ||
| 035 | _aCES19980024310m | ||
| 040 |
_aES-MaCES _bspa _cES-MaCES |
||
| 110 | 1 |
_aEspaña _tLey de sanidad _d1986 _93052 |
|
| 245 | 1 | 0 |
_aLey general de Sanidad _b: (Ley 14/1986 de 25 de abril) ; Ley orgánica de Medidas Especiales en Materia de Salud Pública : (Ley 3/1986 de 14 de abril) _cedición anotada y concordada por F. Javier Giménez Hernández |
| 260 |
_aMadrid _bMinisterio de Sanidad y Consumo, Secretaría General Técnica _cD.L. 1991 |
||
| 300 |
_a113 p. _c22 cm |
||
| 541 | _cGratuito | ||
| 650 | 4 |
_asalud _928680 |
|
| 650 | 4 |
_aasistencia médica _930272 |
|
| 650 | 4 |
_aservicio de salud _927058 |
|
| 650 | 4 |
_aEspaña _926964 |
|
| 650 | 4 |
_a1986 _930856 |
|
| 650 | 4 |
_alegislación _927153 |
|
| 650 | 4 |
_atexto _929624 |
|
| 653 | 1 | 0 | _aLegislación |
| 700 | 1 |
_aGiménez Hernández, F. Javier _eed. lit. _913412 |
|
| 710 | 1 |
_aEspaña _bMinisterio de Sanidad _eed. _93266 |
|
| 710 | 1 |
_aEspaña _tLey de medidas especiales en materia de salud pública _d1986 _92981 |
|
| 902 | _aLIB Libro | ||
| 942 |
_2CES _cBK _h6.1. |
||
| 999 |
_c2412 _d2412 |
||